Turkish Lesson 1 & 2 Quiz - Statistics

General Stats
  • This quiz has been taken 25 times
  • The average score is 4 of 7
Answer Stats
Hint Answer % Correct
Merhaba Hello
100%
Lütfen Please
96%
Evet Yes
96%
Hoşça Kal Goodbye
63%
Memnun Oldum Pleased to meet you
21%
İyi günler Good evening
8%
Hoşça kalın Goodbye (pl.)
0%
No matching quizzes found
Score Distribution
Percent of People with Each Score
Percentile by Number Answered
Your Score History
You have not taken this quiz